000 00608nam a22002057a 4500
003 DO-SdBNP
005 20171130115124.0
008 171110b 2004 xxu ||||| |||| 00| 0 spa d
040 _aBPMSU
_bspa
_cBPMSU
092 _axxxx
_bxxxx
100 1 _aScott Bel, James
245 1 _aA certain truth /
_cJames Scott Bell.
260 _aMinneapolis, Minnesota :
_b Bethany House Publishers,
_c2004.
300 _a300 p. ;
_c22 cm.
490 1 _aTrials of Kit Shannon
830 0 _aTrials of Kit Shannon
942 _2ddc
_cBK
945 _aInventariado 2017 /LP
956 _aLOPEREZ
_b10
_c20171110
_d0041
999 _c12847
_d12847